00558nam a22001697a 450000500170000001000260001702000260004303500230006903700130009208200120010510000190011724500860013626000370022227000660025930000230032550000400034820230705151026.0 aENG-109140 ENG-137281 a9788188705450c500.00 aEN-92673 EN-120813 bDBAD/PUB a954.123 a Iftekhar Alam aA comprehensive history of Bhojpur :cby Iftekhar Alambfrom 1500 AD to 1708 AD / aDelhibPriya Sahitya Sadanc2013 a2226/B, Stree No.33, First Pusta, Soniya ViharbDelhie110094 axv,208p.c22cm(Hb) aIncludes bibliographical references